| 000 | 00855nam a22002417a 4500 | ||
|---|---|---|---|
| 005 | 20100806104449.0 | ||
| 010 | _aENG-98429 | ||
| 020 |
_c290.00 _a9788184620016 |
||
| 035 | _aEN-81962 | ||
| 037 | _bDBAD/PUB | ||
| 082 | _a181.46 | ||
| 100 |
_aAdi Sankaracharya's _97402 |
||
| 245 |
_aBhaja govindam : _cby Adi Sankaracharya's [and] Chandrika _bfollow your heart / |
||
| 260 |
_aMumbai _bVakils, Feffer & Simons _c2008 |
||
| 270 |
_aIndustry Manor, 2nd Floor, A. Marathe Marg _bMumbai _e400025 |
||
| 300 |
_a239 p. _c24 cm. (Pbk) |
||
| 650 |
_aAdvita _97403 |
||
| 650 |
_aBhajagoviada _97404 |
||
| 650 |
_aSelf realigation _97405 |
||
| 700 |
_aChandrika _97380 |
||
| 942 |
_2ddc _cEN _h181.46 _mADI |
||
| 999 |
_c39636 _d39636 |
||